000 00410nam a2200145Ia 4500
008 231129s2010||||xx |||||||||||||| ||spa||
020 _a978-958-8306-54-4
040 _bspa
082 _a(i) Co863 V732c
100 _aVillegas Marí­a
245 0 _aCaperucita roja y el lobo glotón
260 _c2010
264 _aBogotá Colombia : Villegas Editores
942 _2ddc
_cBKS
999 _c6618
_d6618